LEADER 03026nam 2200505 450 001 9910372826103321 005 20220107210114.0 010 $a1-78962-489-4 024 8 $ahttps://doi.org/10.2307/j.ctvsn3pp7 035 $a(CKB)4100000010079533 035 $a(MiAaPQ)EBC6185271 035 $a(ScCtBLL)70ed6cbb-e74f-4485-9b0f-865ecd824e0e 035 $a(oapen)https://directory.doabooks.org/handle/20.500.12854/28772 035 $a(PPN)266469159 035 $a(EXLCZ)994100000010079533 100 $a20200806d2019 uy 0 101 0 $aeng 135 $aurcnu|||||||| 181 $ctxt$2rdacontent 182 $cc$2rdamedia 183 $acr$2rdacarrier 200 10$aDisability, literature, genre $erepresentation and affect in contemporary fiction /$fRia Cheyne 210 $cLiverpool University Press$d2019 210 1$aLiverpool :$cLiverpool University Press,$d2019. 215 $a1 online resource (216 pages) 225 1 $aRepresentations: Health, Disability, Culture and Society 311 1 $a1-78962-077-5 330 $aExamining the intersection of disability and genre in popular works of horror, crime, science fiction, fantasy, and romance published since the late 1960s, Disability, Literature, Genre is a major contribution to both cultural disability studies and genre fiction studies. Drawing on recent work on affect and emotion, the book explores how disability makes us feel, and how those feelings shape interpersonal and fictional encounters. Written in a clear and accessible style, Disability, Literature, Genre offers a timely reflection on the rapidly growing body of scholarship on disability representation, as well as an innovative new theorisation of genre. By reconceptualising genre reading as an affective process, Ria Cheyne establishes genre fiction as a key site of investigation for disability studies. She argues that genre fiction's unique combination of affectivity and reflexivity makes it ideally suited to the production of reflexive representations of disability: representations which encourage the reader to reflect upon what they understand about disability, and potentially to rethink it. Examining the affective-and effective-power of disability representations in a wide range of popular genre fiction, this book will be essential reading for academics in disability studies, literary studies, popular culture studies, and the medical humanities. 410 0$aRepresentations: Health, Disability, Culture and Society 606 $aDisabilities in literature 606 $aPeople with disabilities in literature 610 $aLiterary Criticism 610 $aModern 610 $aGeneral 615 0$aDisabilities in literature. 615 0$aPeople with disabilities in literature. 676 $a809.935610903 700 $aCheyne$b Ria$0987770 801 0$bMiAaPQ 801 1$bMiAaPQ 801 2$bMiAaPQ 906 $aBOOK 912 $a9910372826103321 996 $aDisability, literature, genre$92258334 997 $aUNINA LEADER 02198nam 2200601 a 450 001 9910781605003321 005 20230207231446.0 010 $a0-8156-5136-8 035 $a(CKB)2550000000051424 035 $a(OCoLC)759158746 035 $a(CaPaEBR)ebrary10493610 035 $a(SSID)ssj0000540882 035 $a(PQKBManifestationID)11327649 035 $a(PQKBTitleCode)TC0000540882 035 $a(PQKBWorkID)10492659 035 $a(PQKB)11268649 035 $a(MiAaPQ)EBC3410045 035 $a(MdBmJHUP)muse3604 035 $a(Au-PeEL)EBL3410045 035 $a(CaPaEBR)ebr10493610 035 $a(CaONFJC)MIL946756 035 $a(EXLCZ)992550000000051424 100 $a20080718d2008 uy 0 101 0 $aeng 135 $aurcn||||||||| 181 $ctxt 182 $cc 183 $acr 200 14$aThe revolutionary roots of modern Yiddish, 1903-1917$b[electronic resource] /$fBarry Trachtenberg 205 $a1st ed. 210 $aNew YorK $cSyracuse University Press$dc2008 215 $a1 online resource (242 p.) 225 1 $aJudaic traditions in literature, music, and art 300 $aBibliographic Level Mode of Issuance: Monograph 311 $a0-8156-3190-1 320 $aIncludes bibliographical references and index. 327 $aYiddish as instrument and ideology -- The Jewish revolution of 1905 -- From jargon to visnshaft -- Shmuel Niger and the making of Yiddish high culture -- Ber Borochov: science in service of the revolution -- Nokhem Shtif: a contrarian's Yiddishism. 410 0$aJudaic traditions in literature, music, and art. 606 $aYiddish language$zRussia$xHistory$y20th century 606 $aYiddish language$xSocial aspects$zRussia 606 $aJews$zRussia$xIntellectual life$y20th century 615 0$aYiddish language$xHistory 615 0$aYiddish language$xSocial aspects 615 0$aJews$xIntellectual life 676 $a439/.1 700 $aTrachtenberg$b Barry$01500982 801 0$bMiAaPQ 801 1$bMiAaPQ 801 2$bMiAaPQ 906 $aBOOK 912 $a9910781605003321 996 $aThe revolutionary roots of modern Yiddish, 1903-1917$93754727 997 $aUNINA